Database systems : (Record no. 4562)
[ view plain ]
| 000 -LEADER | |
|---|---|
| fixed length control field | 00799cam a22002412 4500 |
| 001 - CONTROL NUMBER | |
| control field | 0000024860 |
| 005 - DATE AND TIME OF LATEST TRANSACTION | |
| control field | 20151217145949.0 |
| 008 - FIXED-LENGTH DATA ELEMENTS--GENERAL INFORMATION | |
| fixed length control field | 140320s xx 000 0 eng d |
| 020 ## - INTERNATIONAL STANDARD BOOK NUMBER | |
| International Standard Book Number | 0321601106 : |
| 040 ## - CATALOGING SOURCE | |
| Original cataloging agency | KABU |
| Transcribing agency | KABU |
| 050 #0 - LIBRARY OF CONGRESS CALL NUMBER | |
| Classification number | QA76.9 |
| Item number | .D26C66 2010 |
| 100 1# - MAIN ENTRY--PERSONAL NAME | |
| Personal name | Connolly, Thomas M. |
| -- | 0000153934 |
| 245 10 - TITLE STATEMENT | |
| Title | Database systems : |
| Remainder of title | a practical approach to design, implement ation and management / |
| Statement of responsibility, etc. | Thomas M. Connolly, Carolyn E. Begg. |
| 250 ## - EDITION STATEMENT | |
| Edition statement | 5th ed. |
| 260 ## - PUBLICATION, DISTRIBUTION, ETC. (IMPRINT) | |
| Place of publication, distribution, etc. | Boston : |
| Name of publisher, distributor, etc. | Pearson Educ., |
| Date of publication, distribution, etc. | 2010. |
| 300 ## - PHYSICAL DESCRIPTION | |
| Extent | various pagings. |
| 650 #0 - SUBJECT ADDED ENTRY--TOPICAL TERM | |
| Topical term or geographic name as entry element | Database design. |
| -- | 0000148441 |
| 650 #0 - SUBJECT ADDED ENTRY--TOPICAL TERM | |
| Topical term or geographic name as entry element | Database management. |
| -- | 0000148184 |
| 700 1# - ADDED ENTRY--PERSONAL NAME | |
| Personal name | Begg E. Carolyn. |
| -- | 0000153936 |
| 852 1# - LOCATION | |
| -- | p3950 KES |
| 908 ## - PUT COMMAND PARAMETER (RLIN) | |
| Put command parameter | 140320 |
| 950 ## - LOCAL HOLDINGS (RLIN) | |
| -- | 1 |
| Withdrawn status | Lost status | Source of classification or shelving scheme | Not for loan | Home library | Current library | Date acquired | Total Checkouts | Total Renewals | Full call number | Barcode | Date last seen | Date last checked out | Price effective from | Koha item type |
|---|---|---|---|---|---|---|---|---|---|---|---|---|---|---|
| Library of Congress Classification | Kabarak, Main Campus | Kabarak, Main Campus | 17/12/2015 | 25 | 3 | QA76.9 .D26C66 2010 c. 1 | 017944 | 06/10/2025 | 24/09/2025 | 17/12/2015 | General Collection |